000
00201 a2200097 4500
001
42500
100
_a
Polmar
245
_a
Strategic weapons
260
_a
London
_b
Macdonald
_c
090
_c
26413
_d
26413
942
_a
NUST-CAE
_c
M
_c
18240
999
_c
277573
_d
277573